| 000 | 00685nam a2200229 a 4500 | ||
|---|---|---|---|
| 001 | 000034724 | ||
| 005 | 20200930073850.0 | ||
| 008 | 111019s1974 fr 000 0 spa d | ||
| 020 | _a2253004227 | ||
| 040 |
_aDO-SdBNP _bspa _cBNPHU |
||
| 082 |
_a843.8 _bZ86g |
||
| 100 | 1 |
_aZola, Émile _d1840-1902 _93605 |
|
| 245 | 1 | 0 |
_aGerminal / _cÉmile Zola. |
| 260 |
_aParis : _bFasquelle, _c1974. |
||
| 300 |
_a503 p. ; _c17 cm. |
||
| 490 | 1 | _aHistoire | |
| 590 | _aPerteneció a la biblioteca personal de Juan Isidro Jimenes Grullón | ||
| 650 | 4 |
_aNovela francesa _91075 |
|
| 650 | 4 |
_aLiteratura francesa _91074 |
|
| 830 | 0 |
_aHistoire _960184 |
|
| 910 | _aValidado. Control de calidad MFF | ||
| 999 |
_c34215 _d34215 |
||